Hướng dẫn ôn thi môn Kinh tế chính trị Mác - Lênin
Các câu hỏi - bám sát yêu cầu của chương trình bộ phận kinh tế chính trị học Mác Lênin: Sự ra đời và phát triển của kinh tế chính trị học, vai trò của nền sản xuất xã hội, tái sản xuất
محفوظ في:
| مؤلفون آخرون: | , |
|---|---|
| التنسيق: | كتاب |
| اللغة: | Vietnamese |
| منشور في: |
H.
Đại học Quốc gia Hà Nội
2000
|
| الطبعة: | Tái bản, có sửa chữa, bổ sung |
| الموضوعات: | |
| الوسوم: |
إضافة وسم
لا توجد وسوم, كن أول من يضع وسما على هذه التسجيلة!
|
| Thư viện lưu trữ: | Mạng thư viện Đại học Đà Nẵng |
|---|
| LEADER | 01646nam a2200373 4500 | ||
|---|---|---|---|
| 001 | 000007245 | ||
| 003 | 3406 | ||
| 005 | 20111101091159.0 | ||
| 008 | 110927s2000 viesd | ||
| 020 | |c 9000đ | ||
| 041 | 0 | |a vie | |
| 082 | |a 335.412 |b Hươ | ||
| 245 | 0 | |a Hướng dẫn ôn thi môn Kinh tế chính trị Mác - Lênin |c Nguyễn Văn Hảo (ch.b), Nguyễn Văn Bích, Nguyễn Mậu Vấn.. | |
| 250 | |a Tái bản, có sửa chữa, bổ sung | ||
| 260 | |a H. |b Đại học Quốc gia Hà Nội |c 2000 | ||
| 300 | |a 117 tr |c 19 cm | ||
| 500 | |a ĐTTS ghi: Trung tâm bồi dưỡng cán bộ giảng dậy lý luận Mác - Lê Nin và tư tưởng HCM | ||
| 520 | |a Các câu hỏi - bám sát yêu cầu của chương trình bộ phận kinh tế chính trị học Mác Lênin: Sự ra đời và phát triển của kinh tế chính trị học, vai trò của nền sản xuất xã hội, tái sản xuất | ||
| 653 | |a Kinh tế chính trị học Mác - Lênin | ||
| 653 | |a Sách luyện thi | ||
| 653 | |a Giáo trình | ||
| 700 | |a Nguyễn Văn Hảo |e ch.b | ||
| 700 | |a Nguyễn Văn Bích.. | ||
| 910 | |a Nguyễn Thị Kim Oanh |d 27/09/2011 | ||
| OWN | |a LSP | ||
| AVA | |a UDN50 |b LSP |d 335.412 Hươ |e available |t Error 5001 Not defined in file expand_doc_bib_avail. |f 7 |g 0 |h N |i 1 |k 1 | ||
| 999 | |a From the UDN01 | ||
| AVA | |a UDN50 |b LSP |d 335.412 Hươ |e available |t Error 5001 Not defined in file expand_doc_bib_avail. |f 7 |g 0 |h N |i 1 |k 1 | ||
| TYP | |a Monograph | ||
| TYP | |a Printed language | ||
| 980 | |a Mạng thư viện Đại học Đà Nẵng | ||